| 000 | 00647nam a2200229Ii 4500 | ||
|---|---|---|---|
| 003 | JO-AjNU | ||
| 008 | 230606s9999||||xx |||||||||||||| ||und|| | ||
| 020 | _a978-1-4390-8118-1 | ||
| 040 |
_aJO-AjNU _beng _erda _cJO-AjNU |
||
| 041 | _aeng | ||
| 050 | 1 | 4 | _aQA76.5.S4579.2011 |
| 100 | 3 |
_aVermaat.Shelly, _eauthor _91726 |
|
| 245 | 0 | 0 | _aDiscovering computers 2011 |
| 250 | _a1 ed | ||
| 264 | 3 | 1 | _aCOURSE TECHNOLOGY:Australia,2006 |
| 300 | _a528p | ||
| 336 |
_atext _btxt _2rdacontent |
||
| 337 |
_aunmediated _bn _2rdamedia |
||
| 338 |
_avolume _bnc _2rdacarrier |
||
| 490 | 0 | _aShelly cashman series | |
| 650 | 4 |
_aDiscovering computers 2011 _91727 |
|
| 999 |
_aE911 _c911 _d911 |
||